Regional restructuring under advanced capitalism

Αποθηκεύτηκε σε:
Λεπτομέρειες βιβλιογραφικής εγγραφής
Άλλοι συγγραφείς: O'Keefe, Philip (Επιμελητής έκδοσης)
Μορφή: Βιβλίο
Γλώσσα:English
Δημοσίευση: London : Croom Helm, c1984
Σειρά:Croom Helm series in geography and environment
Θέματα:
Ετικέτες: Προσθήκη ετικέτας
Δεν υπάρχουν, Καταχωρήστε ετικέτα πρώτοι!

MARC

LEADER 00000nam a2200000 i 4500
001 1/78181
008 970416s1984 eng d
020 |a 0-7099-1943-3 
035 |l 10004509 
040 |a GR-MY-UA  |b gre 
041 0 |a eng 
082 0 |a 338.9 
245 1 0 |a Regional restructuring under advanced capitalism /  |c edited by Phil O'Keefe 
260 |a London :   |b Croom Helm,   |c c1984 
300 |a 134 p.;  |c 23 cm 
490 1 |a Croom Helm series in geography and environment 
504 |a Includes bibliographical references 
650 0 0 |a Regional economics. 
650 0 0 |a Capitalism. 
700 1 |a O'Keefe, Philip.  |4 edt 
830 0 |a Croom Helm series in geography and environment 
852 |a INST  |b LESVOS  |e 19970416  |h 338.9 REG  |p 005100011485  |q 005100011485  |t BK  |y 0 
909 |a Λ  |b 005784